Japan's political revolution under MacArthur : A participant's account

Сохранить в:
Библиографические подробности
Главный автор: Williams, Justin
Формат:
Язык:Undetermined
Опубликовано: Athens University of Georgia Press 1979
Предметы:
Метки: Добавить метку
Нет меток, Требуется 1-ая метка записи!
Thư viện lưu trữ: Trung tâm Học liệu Trường Đại học Cần Thơ
LEADER 00602nam a2200217Ia 4500
001 CTU_111937
008 210402s9999 xx 000 0 und d
082 |a 940.53144 
082 |b W721 
100 |a Williams, Justin 
245 0 |a Japan's political revolution under MacArthur : 
245 2 |b A participant's account 
245 0 |c Justin Williams 
260 |a Athens 
260 |b University of Georgia Press 
260 |c 1979 
650 |a Government missions, American 
650 |x History 
650 |z Japan 
904 |i Năm 
980 |a Trung tâm Học liệu Trường Đại học Cần Thơ